| 000 | 00753nam a2200229 a 4500 | ||
|---|---|---|---|
| 005 | 20220519180047.0 | ||
| 008 | 010913s1986 r 000 0 eng d | ||
| 020 | _a9684060114 | ||
| 035 | _aUPN01000111417 | ||
| 040 |
_aUPN _bspa _cUPN |
||
| 049 | _aCG | ||
| 050 | 4 |
_aHF5822 _bM4.3 |
|
| 100 |
_aMeyers, William, _944463 _d1951- |
||
| 245 | 1 | 4 |
_aLos creadores de imagen : _bpoder y persuasión en Madison Avenue / _cWilliam Meyers ; tr. Joaquín Adsuar Ortega. |
| 260 |
_aMéxico : _bPlaneta, _c1986. |
||
| 300 | _a266 p. | ||
| 440 | 3 | _aLa sociedad económica | |
| 534 |
_pTítulo original: _tThe image-Makers. Power and persuasion on Madison Avenue |
||
| 650 | 2 |
_aPublicidad _xAspectos psicológicos _913946 |
|
| 905 | _aLibro | ||
| 942 |
_2lcc _cLIBRO |
||
| 999 |
_c85325 _d85325 |
||